Anno | Indizio | Film | % Corretto |
---|---|---|---|
2004 | Pesciolino | Alla Ricerca di Nemo | 95%
|
2014 | Ghiaccio | Frozen- Il Regno Di Ghiaccio | 95%
|
2010 | Palloncini | Up | 92%
|
2016 | Dentro la testa | Inside Out | 86%
|
2008 | Chef | Ratatouille | 85%
|
2017 | Coniglietta e Volpe | Zootropolis | 76%
|
2018 | Scheletri | Coco | 74%
|
2005 | Supereroi | Gli Incredibili | 71%
|
2002 | Il protagonista è verde | Shrek | 63%
|
2009 | Spazzatura | WALL•E | 62%
|
2011 | Orsacchiotto Viola Malvagio | Toy Story 3: La Grande Fuga | 61%
|
2021 | Famiglia | Encanto | 57%
|
2013 | Scozia | Ribelle - The Brave | 55%
|
2019 | Aracnide | Spider-Man: un nuovo universo | 45%
|
2012 | Camaleonte | Rango | 44%
|
2015 | Robot | Big Hero 6 | 43%
|
2007 | Pinguini | Happy Feet | 43%
|
2003 | Miyazaki | La Città Incantata | 43%
|
2020 | Altro Sequel Pixar | Toy Story 4 | 37%
|
2006 | Verdura, Conigli, Stop-Motion | Wallace & Gromit: La Maledizione Del Coniglio Mannaro | 22%
|
Copyright H Brothers Inc., 2008–2024
Contattaci | Torna su | Visualizza Sito Mobile